Cyberpunk Edgerunners: Quiz For Dummys - Statistics

General Stats
  • This quiz has been taken 1,023 times
  • The average score is 11 of 16
Answer Stats
Hint Answer % Correct
Main character. David
98%
Main characters love interest. Lucy
96%
Where Lucy wants to go. Moon
94%
Original leader of the crew. Maine
91%
Super powerful full cyborg. Adam Smasher
82%
What David has in his back. Sandevistan
77%
Name you call a friend. Choom
76%
Skilled with weapons. (Huge hands) Rebecca
75%
Currency. Eddies
65%
Edgerunner with a mask. Kiwi
62%
Main characters mom. Gloria
56%
Biggest girl in the crew also Maine's love interest. Dorio
55%
Common insult. (means idiot) Gonk
46%
Member of the gang with long hands. Pilar
43%
Big Boss. Faraday
41%
Doctor that installs David's chrome. Ripperdoc
32%
No matching quizzes found
Score Distribution
Percent of People with Each Score
Percentile by Number Answered
Your Score History
You have not taken this quiz